LEADER 01135nam a2200265 u 4500 001 000000112468 003 CaOOAMICUS 005 20080709114637.0 008 080709s2003 it a u000 u ita u 020 $a88-17-10792-1 040 $aPUL$bita$dLDB 100 1 $aGalilei, Galileo,$d1564-1642.$0(OLS)http://pul/name/2769 245 10$aDialogo sopra i due massimi sistemi del mondo /$cGalileo Galilei ; introduzione e note di Antonio Beltrán Marí. 260 $aMilano :$bRizzoli,$cc2003. 300 $a907 p. :$bill. ;$c19 cm 490 1 $aBUR.$aPantheon ;$v044 700 1 $aBeltrám Marí, Antonio.$0(OLS)http://pul/name/69326 830 0$aBUR.$pPantheon ;$v044.$0(OLS)http://pul/title/141353 850 $aPUL 852 $aPUL$W1$xDP1 Fondo Fallaci$y66$mB IV 6.2$j128675$qFondi$q $B127619$CPULBib$Z2$F127619 $Hnull $81 941 1 $a1 961 $aEx libris Oriana Fallaci 996 $6020$a88-17-10792-1$9(OLS)http://pul/number/138366 996 $6245$aDialogo sopra i due massimi sistemi del mondo$9(OLS)http://pul/title/73117 996 $6260$aMilano :$bRizzoli$9(OLS)http://pul/publisher/48712 LEADER 01713nam a2200325 a 4500 001 000000173313 003 CaOOAMICUS 005 20200224180514.0 008 200224s2020 it fr l000 0 ita r 020 $a978-88-308-1719-7* 032 $aLibriCat 040 $aPUL$dita$b$d$d 082 00$a230 100 1 $aFarinola, Onofrio Antonio.$0(OLS)http://pul/name/111332 245 13$aIl Cantico delle creature : $bper una pastorale teo-ecologica della salvaguardia del creato oggi dalla Scrittura alla parrocchia / $cOnofrio Farinola ; con intervista al patriarca Ecumenico di Costantinopoli Bartolomeo 1. 260 $aAssisi :$bCittadella,$c2020. 300 $a281 p. ;$c21 cm 490 1 $aStudi e ricerche. Sezione teologica. 504 $aBibliografia: p. [261]-277. 700 0 $aBartholomaeus$bI,$cpatriarca ecumenico di Costantinopoli,$d1940-$0(OLS)http://pul/name/71732 830 0$aStudi e ricerche (Cittadella).$pSezione teologica.$0(OLS)http://pul/title/143126 850 $aPUL 852 $aPUL$W1$xDP2 Religione 3$y114$m230 COLL 11.1.36B$j198405$qDDC 21$B203009$CPULBib$Z2$F203009 $H134660 $82 852 $aPUL$W1$xSL Religione 3$y85$m230 COLL 11.1.36$j197293$qDDC 21$B202078$CPULBib$Z2$F202078 $H134032 $82 941 1 $a9 996 $6020$a978-88-308-1719-7*$9(OLS)http://pul/number/167307 996 $6082$a230$9(OLS)http://pul/classification/368 996 $6245$aIl Cantico delle creature : $bper una pastorale teo-ecologica della salvaguardia del creato oggi dalla Scrittura alla parrocchia / $9(OLS)http://pul/title/214451 996 $6260$aAssisi :$bCittadella$9(OLS)http://pul/publisher/49668